<?xml version="1.0" encoding="UTF-8"?>
<collection xmlns="http://www.loc.gov/MARC21/slim">
 <record>
  <leader>01677pamaa2200289   4500</leader>
  <controlfield tag="001">0000050574</controlfield>
  <controlfield tag="005">20130117090000.0</controlfield>
  <controlfield tag="008">120903s2010                        eng  </controlfield>
  <datafield tag="020" ind1="0" ind2="0">
   <subfield code="a">9780781769020 / 0781769027 </subfield>
  </datafield>
  <datafield tag="090" ind1="0" ind2="0">
   <subfield code="a">RM725 </subfield>
   <subfield code="b">ACS 2010</subfield>
  </datafield>
  <datafield tag="110" ind1="1" ind2="0">
   <subfield code="a">American College of Sports Medicine</subfield>
  </datafield>
  <datafield tag="245" ind1="1" ind2="0">
   <subfield code="a">ACSM's guidelines for exercise testing and prescription  </subfield>
   <subfield code="c">American College of Sports Medicine; </subfield>
   <subfield code="f">senior editor, Walter R. Thompson ; associate editors, Neil F. Gordon, Linda S. Pescatello ; contributors, Kelli Allen ... [et al.].</subfield>
  </datafield>
  <datafield tag="250" ind1="0" ind2="0">
   <subfield code="a">8th ed.</subfield>
  </datafield>
  <datafield tag="260" ind1="0" ind2="0">
   <subfield code="a">Philadelphia: </subfield>
   <subfield code="b">Lippincott Williams &amp; Wilkins, </subfield>
   <subfield code="c">2010.</subfield>
  </datafield>
  <datafield tag="300" ind1=" " ind2=" ">
   <subfield code="a">xxi, 380 p.: </subfield>
   <subfield code="b">col. ill.; </subfield>
   <subfield code="c">22 cm.</subfield>
  </datafield>
  <datafield tag="501" ind1="0" ind2="0">
   <subfield code="a">FHLS</subfield>
  </datafield>
  <datafield tag="504" ind1="0" ind2="0">
   <subfield code="a">Includes bibliographical references and index.</subfield>
  </datafield>
  <datafield tag="505" ind1="0" ind2="0">
   <subfield code="a">Benefits and risks associated with physical activity -- Preparticipation health screening and risk stratification -- Pre-exercise evaluations -- Health-related physical fitness testing and interpretation -- Clinical exercise testing -- Interpretation of clinical exercise test data -- General principles of exercise prescription -- Exercise prescription for healthy populations and special considerations -- Exercise prescription for patients with cardiac disease -- Exercise prescription for other clinical populations</subfield>
  </datafield>
  <datafield tag="650" ind1="0" ind2="0">
   <subfield code="a">Exercise therapy -- </subfield>
   <subfield code="x">Standards </subfield>
  </datafield>
  <datafield tag="650" ind1="0" ind2="0">
   <subfield code="a">Exercise tests -- </subfield>
   <subfield code="x">Standards </subfield>
  </datafield>
  <datafield tag="650" ind1="0" ind2="0">
   <subfield code="a">Exertion -- </subfield>
   <subfield code="x">Guideline </subfield>
  </datafield>
  <datafield tag="650" ind1="0" ind2="0">
   <subfield code="a">Exercise Test -- </subfield>
   <subfield code="x">standards -- </subfield>
   <subfield code="x">Guideline </subfield>
  </datafield>
  <datafield tag="650" ind1="0" ind2="0">
   <subfield code="a">Exercise Therapy -- </subfield>
   <subfield code="x">standards -- </subfield>
   <subfield code="x">Guideline </subfield>
  </datafield>
  <datafield tag="700" ind1="1" ind2="1">
   <subfield code="a">Thompson, </subfield>
   <subfield code="h">Walter R. </subfield>
  </datafield>
  <datafield tag="700" ind1="1" ind2="1">
   <subfield code="a">Gordon, </subfield>
   <subfield code="h">Neil F. </subfield>
  </datafield>
  <datafield tag="700" ind1="1" ind2="1">
   <subfield code="a">Pescatello, </subfield>
   <subfield code="h">Linda S. </subfield>
  </datafield>
  <datafield tag="901" ind1=" " ind2=" ">
   <subfield code="u">www.lww.com</subfield>
  </datafield>
 </record>
</collection>
